Văn học dân gian cổ truyền trong xã hội Việt Nam hiện đại /

محفوظ في:
التفاصيل البيبلوغرافية
المؤلف الرئيسي: Lê Chí Quế.
مؤلفون آخرون: Ngô Thị Thanh Qúy
التنسيق: مقال
اللغة:Vietnamese
الموضوعات:
الوسوم: إضافة وسم
لا توجد وسوم, كن أول من يضع وسما على هذه التسجيلة!
Thư viện lưu trữ: Thư viện Trường Đại học Đà Lạt
LEADER 00908nam a2200289 4500
001 DLU180183541
005 ##20180129
040 # # |a DLU  |b vie 
041 # # |a vie 
044 # # |a vn 
100 # # |a Lê Chí Quế. 
245 # # |a Văn học dân gian cổ truyền trong xã hội Việt Nam hiện đại /  |c Lê Chí Quế, Ngô Thị Thanh Qúy. 
653 # # |a Sưu tầm 
653 # # |a Văn bản ngôn từ 
653 # # |a Văn học dân gian 
653 # # |a Xã hội hiện đại 
653 # # |a Xuất bản 
700 # # |a Ngô Thị Thanh Qúy 
773 # # |t Tạp chí Lý luận, phê bình văn học, nghệ thuật  |g Số 24, 2014, tr. 23-27 
920 # # |a Phòng Tạp chí --Trung tâm Thông tin - Thư viện Trường Đại học Đà Lạt 
900 # # |a True 
911 # # |a Lê Thị Hồng 
925 # # |a G 
926 # # |a A 
927 # # |a BB 
980 # # |a Thư viện Trường Đại học Đà Lạt